Statistics for Toronto Raptor's Roster 2016-17

Click here to take the quiz!

General Stats

  • This quiz has been taken 100 times
    (92 since last reset)
  • The average score is 7 of 15

Answer Stats

Jersey #Name% Correct
7Kyle Lowry
100%
10DeMar DeRozan
96%
9Serge Ibaka
66%
17Jonas Valanciunas
65%
23Fred Van Vleet
54%
24Norman Powell
48%
54Patrick Patterson
36%
55Delon Wright
34%
5DeMarre Carroll
32%
6Cory Joseph
29%
92Lucas Nogueira
28%
42Jakob Poeltl
22%
2P.J. Tucker
19%
20Bruno Caboclo
13%
43Pascal Siakim
7%

Score Distribution

Percentile by Number Answered

Percent of People with Each Score

Your Score History

You have not taken this quiz since the last reset